| 000 | 00923cab a2200241 4500 | ||
|---|---|---|---|
| 001 | W13537 | ||
| 008 | 090401t1996 xxu||||| |||| 00| 0 eng d | ||
| 035 | _a(Sirsi) u58533 | ||
| 041 | _aeng | ||
| 245 | _aTown & country planning injunction | ||
| 260 | _c1996 | ||
| 350 | _a0 | ||
| 490 |
_aEstates Gazette Case Summaries _v[1996] EGCS 90, (1) (25/5/96) |
||
| 520 | _aIn "Harborough DC v Wheatcroft & Son Ltd" QBD 9 May 1996 the council was awarded an injunction requiring W to remove a building not constructed in accordance with planning permission, after W had exhausted all methods of appeal over a seven year period. | ||
| 650 | _aENFORCEMENT NOTICES | ||
| 650 | _aHARBOROUGH DC V WHEATCROFT & SON LTD | ||
| 650 | _aINJUNCTION | ||
| 650 | _aPLANNING PERMISSION | ||
| 650 | _aTOWN AND COUNTRY PLANNING ACT 1990 S187(B) | ||
| 690 | _aPLANNING LAW AND PRACTICE-CASE LAW | ||
| 942 | _n0 | ||
| 948 | _c04/03/1997 | ||
| 999 |
_c35758 _d35758 |
||